Holy Ground lyrics - Statistics

General Stats
  • This quiz has been taken 119 times
  • The average score is 248 of 281
Answer Stats
Lyrics % Correct
a
98%
and
98%
And
98%
holy
98%
the
98%
was
98%
go
97%
ground
97%
I
97%
"I
97%
it
97%
It
97%
stood
97%
there
97%
we
97%
We
97%
where
97%
day
95%
in
95%
just
95%
right
95%
like
93%
on
93%
that
93%
to
93%
when
93%
you
93%
you"
93%
good
92%
me
92%
never
92%
other
92%
time
92%
time,
92%
all
90%
But
90%
darling,
90%
first
90%
I'm
90%
know
90%
New
90%
new
90%
not
90%
this
90%
back
88%
Back
88%
for
88%
if
88%
of
88%
took
88%
Took
88%
way
88%
with
88%
York
88%
your
88%
don't
86%
down
86%
got
86%
looking
86%
my
86%
now
86%
away
85%
dance
85%
dancing
85%
every
85%
gonna
85%
had
85%
wanna
85%
about
83%
apart
83%
fell
83%
guess
83%
page
83%
room
83%
than
83%
usual
83%
were
83%
been
81%
big
81%
face
81%
lose
81%
need
81%
off
81%
perfect
81%
reminiscing
81%
see
81%
story's
81%
think
81%
Tonight,
81%
already
80%
'Cause
80%
city
80%
crowd
80%
faster
80%
green
80%
light,
80%
Lord,
80%
ourselves
80%
something
80%
through
80%
we've
80%
brand
78%
dress
78%
fit
78%
girl
78%
while
78%
alone
76%
coffee
76%
conversation
76%
note
76%
rhyme
76%
sound
76%
Spinning
76%
we'd
76%
wide
76%
dust
75%
having
75%
made,
75%
poems
75%
joke
73%
left
73%
sometimes,
73%
wonder
73%
door
71%
skip
71%
glance
69%
feeling
66%
how
66%
noise
63%
blocked
54%
Hey,
7%
No matching quizzes found
Score Distribution
Percent of People with Each Score
Percentile by Number Answered
Your Score History
You have not taken this quiz